000 00291nam a22001217a 4500
008 260423b |||||||| |||| 00| 0 eng d
082 _a001050
100 _aNarayanachar, K S
245 _aRajasuya Tanda Anartha
260 _aHubli
_bSahitya Prakashana
_c2013
300 _a416p
942 _2ddc
999 _c1290
_d1290